000 00369nam a2200145Ia 4500
008 230711s9999||||xx |||||||||||||| ||und||
041 _aENG
082 _a624
_bMA-C
100 _aMaguire,Byron W.
245 0 _aConstruction materials
250 _a1st Ed.
260 _c1987
_aNew Delhi
_bTata McGraw Hill Education Limited
650 _aCivil Engineering
942 _cBK
999 _c1451
_d1451